<?xml version="1.0" encoding="UTF-8"?>
<record
    xmlns:xsi="http://www.w3.org/2001/XMLSchema-instance"
    xsi:schemaLocation="http://www.loc.gov/MARC21/slim http://www.loc.gov/standards/marcxml/schema/MARC21slim.xsd"
    xmlns="http://www.loc.gov/MARC21/slim">

  <leader>00778nam2a2200229   4500</leader>
  <controlfield tag="001">rc\3027726</controlfield>
  <controlfield tag="005">20260315064944.0</controlfield>
  <datafield tag="035" ind1=" " ind2=" ">
    <subfield code="a">(NLR Aleph) 007168882</subfield>
  </datafield>
  <datafield tag="090" ind1=" " ind2=" ">
    <subfield code="a">13620357</subfield>
    <subfield code="c">13620357</subfield>
  </datafield>
  <datafield tag="100" ind1=" " ind2=" ">
    <subfield code="a">20110929d1935    u  y0rusy50      ca</subfield>
  </datafield>
  <datafield tag="101" ind1="0" ind2=" ">
    <subfield code="a">rus</subfield>
  </datafield>
  <datafield tag="102" ind1=" " ind2=" ">
    <subfield code="a">RU</subfield>
  </datafield>
  <datafield tag="105" ind1=" " ind2=" ">
    <subfield code="a">a   z   |||||</subfield>
  </datafield>
  <datafield tag="200" ind1="1" ind2=" ">
    <subfield code="a">&#x41E;&#x431;&#x449;&#x430;&#x44F; &#x438;&#x43D;&#x441;&#x442;&#x440;&#x443;&#x43A;&#x446;&#x438;&#x44F; &#x434;&#x43B;&#x44F; &#x431;&#x43E;&#x44F;</subfield>
  </datafield>
  <datafield tag="210" ind1=" " ind2=" ">
    <subfield code="d">1935</subfield>
  </datafield>
  <datafield tag="215" ind1=" " ind2=" ">
    <subfield code="a">&#x41E;&#x431;&#x43B;., 219 &#x441;., 1 &#x432;&#x43A;&#x43B;. &#x43B;. &#x441;&#x445;&#x435;&#x43C;.</subfield>
    <subfield code="c">&#x441;&#x445;&#x435;&#x43C;.</subfield>
  </datafield>
  <datafield tag="461" ind1=" " ind2="0">
    <subfield code="1">001rc\3027725</subfield>
    <subfield code="1">2001#$a&#x41F;&#x43E;&#x43B;&#x44C;&#x441;&#x43A;&#x438;&#x439; &#x43F;&#x43E;&#x43B;&#x435;&#x432;&#x43E;&#x439; &#x443;&#x441;&#x442;&#x430;&#x432;$e&#x427;. 1-$v&#x427;. 1</subfield>
    <subfield code="9">7325401</subfield>
    <subfield code="c">&#x41C;&#x43E;&#x441;&#x43A;&#x432;&#x430;</subfield>
    <subfield code="d">1935</subfield>
    <subfield code="n">&#x413;&#x43E;&#x441;. &#x432;&#x43E;&#x435;&#x43D;. &#x438;&#x437;&#x434;.</subfield>
    <subfield code="o">&#x427;. 1-</subfield>
    <subfield code="t">&#x41F;&#x43E;&#x43B;&#x44C;&#x441;&#x43A;&#x438;&#x439; &#x43F;&#x43E;&#x43B;&#x435;&#x432;&#x43E;&#x439; &#x443;&#x441;&#x442;&#x430;&#x432;</subfield>
    <subfield code="v">&#x427;. 1</subfield>
  </datafield>
  <datafield tag="801" ind1=" " ind2="0">
    <subfield code="a">RU</subfield>
    <subfield code="b">NLR</subfield>
    <subfield code="g">psbo</subfield>
  </datafield>
  <datafield tag="801" ind1=" " ind2="1">
    <subfield code="a">RU</subfield>
    <subfield code="b">ELAR</subfield>
    <subfield code="2">rusmarc</subfield>
  </datafield>
  <datafield tag="852" ind1=" " ind2=" ">
    <subfield code="a">NLR</subfield>
    <subfield code="j">35-16/61(1)</subfield>
  </datafield>
  <datafield tag="942" ind1=" " ind2=" ">
    <subfield code="c">UNSPEC</subfield>
  </datafield>
  <datafield tag="980" ind1=" " ind2=" ">
    <subfield code="a">NB</subfield>
  </datafield>
</record>
